000 00768nam a22001457a 4500
999 _c524435
_d524435
008 231117b ||||| |||| 00| 0 eng d
100 _aShandilya, Trishita
_946113
245 _aGendered landscape and entangled everydayness: Stories of women foragers in Karbi Anglong, Assam
260 _aSocial Action
300 _a73(4), Oct-Dec, 2023: p.378-393
520 _aThis paper aims to unpack the everyday nuances of women’s foraging practices in the villages Karbi Anglond and West Karbi Anglong districts of Assam. – foregoing has its significance due to its connection with traditional calmer practices and its crucial role as a source of livelihood for the local community. – Reproduced
773 _aSocial Action
906 _aWOMEN
942 _cAR